| 000 | 01241nam a2200229Ia 4500 | ||
|---|---|---|---|
| 001 | L235-10215 | ||
| 003 | IT-CnALBA | ||
| 008 | 170116s9999||||xx |||||||||||||| ||und|| | ||
| 040 |
_aIT-CnALBA _cIT-CnALBA |
||
| 041 | _aITALIANO | ||
| 100 | _aPAPASOGLI GIORGIO | ||
| 245 | 0 | _aFLORA BRACAVAL. - DONNA ATTIVA NEL SILENZIO. | |
| 250 | _a1a ed. | ||
| 260 |
_aCINISELLO BALSAMO (MI) _bEDIZIONI PAOLINE _c1987 [1° Ed.:1987 - Ed.Ling.Originale: 1987] |
||
| 300 | _a262 p. (prefazione: 3) | ||
| 500 | _aFLORA BRACAVAL. TRA CASA E COLLEGIO. TAVOLA CRONOLOGICA. CITTADINANZA BELBA INGRESSO TRA LE SUORE ANGELICHE. SUPERIORA NELLA COMUNITÀ DI NAPOLI. ABOLIZIONE DELLA CLAUSURA PER IL MONASTERO DI ARIENZO. ISTITUTO DELLE ANGELICHE DI S. PAOLO. SUPERIORA GENERAL | ||
| 501 | _aSocietà San Paolo EM - Piazza San Paolo, 14 - 12051 ALBA (CN) (non commercial uses only) ® Copyright 2017 | ||
| 520 | _aFLORA BRACAVAL. TRA CASA E COLLEGIO. TAVOLA CRONOLOGICA. CITTADINANZA BELBA INGRESSO TRA LE SUORE ANGELICHE. SUPERIORA NELLA COMUNITÀ DI NAPOLI. ABOLIZIONE DELLA CLAUSURA PER IL MONASTERO DI ARIENZO. ISTITUTO DELLE ANGELICHE DI S. PAOLO. SUPERIORA GENERAL | ||
| 650 | _aMARIA SS. ANGELI SANTI DEMONI | ||
| 942 | _cBK | ||
| 957 | _71 | ||
| 999 |
_a14968 _bNO _g Copie: 1 _c269393 _d269393 |
||